Tạp chí khoa học Đại học Đồng Tháp = Dong Thap University Journal of science Số 25

Trong số này trình bày Thực trạng và giải pháp phát triển đội ngũ cán bộ quản lý các trường trung học phổ thông tỉnh Đồng Tháp theo chuẩn hiệu trưởng; Quản lý hoạt động giáo dục đạo đức nghề nghiệp cho sinh viên Giáo dục mầm non, Trường...

Fuld beskrivelse

Đã lưu trong:
Bibliografiske detaljer
Format: Bog
Sprog:Vietnamese
Udgivet: Đồng Tháp Trường Đại học Đồng Tháp 2017
Fag:
Tags: Tilføj Tag
Ingen Tags, Vær først til at tagge denne postø!
Thư viện lưu trữ: Thư viện Trường Đại học Nam Cần Thơ
LEADER 01351nam a22002297a 4500
001 NCT_123610
008 220512b xxu||||| |||| 00| 0 vie d
999 |c 6331  |d 6331 
022 |a 0866-7675 
041 |a vie 
082 0 4 |2 23rd ed.  |a 378  |b T109C 
245 0 0 |a Tạp chí khoa học Đại học Đồng Tháp =  |b Dong Thap University Journal of science  |n Số 25  |c Trường Đại học Đồng Tháp 
260 |a Đồng Tháp  |b Trường Đại học Đồng Tháp  |c 2017 
300 |c 28cm 
310 |a 2 tháng 1 kỳ 
362 |a 04/2017 
520 3 |a Trong số này trình bày Thực trạng và giải pháp phát triển đội ngũ cán bộ quản lý các trường trung học phổ thông tỉnh Đồng Tháp theo chuẩn hiệu trưởng; Quản lý hoạt động giáo dục đạo đức nghề nghiệp cho sinh viên Giáo dục mầm non, Trường Đại học Đồng Tháp;... 
655 |a Tạp chí 
942 |2 ddc  |c CR 
952 |0 0  |1 0  |2 ddc  |4 0  |6 378_000000000000000_T109C  |7 0  |9 23924  |a 000001  |b 000001  |d 2022-05-13  |o 378 T109C  |r 2022-05-13  |w 2022-05-13  |y CR 
952 |0 0  |1 0  |2 ddc  |4 0  |6 378_000000000000000_T109C  |7 0  |9 23925  |a 000001  |b 000001  |d 2022-05-13  |o 378 T109C  |r 2022-05-13  |w 2022-05-13  |y CR 
980 |a Thư viện Trường Đại học Nam Cần Thơ